000 00237nam a2200085Ia 4500
245 0 _aTroepie : from call-up to camps
100 _a Blake, Cameron Cape Town, 2009
_996044
942 _cBK
008 210817s9999 xx 000 0 und d
999 _c402000
_d401999